000
00229nam a22001217a 4500
020
_a
81-8153-340-1
082
_a
001
_b
RAI/H
245
_a
HISTORY
260
_a
DELHI
_b
RAINBOW
300
_a
16
650
_a
GK
_z
DELHI
942
_c
BK
999
_c
6211
_d
6211